College Quizbowl Stats
College Quizbowl Stats
Circuits
Seasons
Sets
Records
Detailed Stats
About
Loading...
2024 ACF Regionals @ Rutgers
Tossups
Bonuses
Players
Teams
Categories (Tossup)
Categories (Bonus)
Eve Andersen (UG)
Vassar A
Categories
Category
Powers
Gets
Negs
BBs
Points
Earliest Buzz
Avg. Buzz
First Buzzes
Top 3 Buzzes
Philosophy
0
1
0
0
10
88
88.00
1
1
Religion
0
1
0
0
10
88
88.00
0
0
Science - Chemistry
0
1
0
0
10
88
88.00
0
1
Other
0
0
1
0
-5
0.00
0
0
Science - Other Science
0
0
1
0
-5
0.00
0
0
Buzzes
Category
Answer
Value
Buzz Position
Other
Norway
-5
67
Science - Chemistry
photons
10
88
Philosophy
Karl Popper
10
88
Religion
Passover seder
10
88
Science - Other Science
Ronald Fisher
-5
106
Science - Chemistry
orbital overlap
0
131
Previous
1
Next